000 00487nam a2200229Ia 4500
003 IT-RoPAU
005 20220918175648.0
008 120407s9999 xx 000 0 und d
040 _aIT-RoPAU
040 _cIT-RoPAU
041 _aita
100 _aCostantino Fouard
_935167
100 _cab.
_935168
245 _aVita di N. S. Gesù Cristo
250 _aTorino
260 _aSei
260 _c1945
300 _c20,5 cm
490 _v1
942 _cBK
_2ddc
999 _c23962
_d23962